| 000 | 00855nam a2200265 a 4500 | ||
|---|---|---|---|
| 008 | |||
| 020 | _a0521553784 (hbk.) | ||
| 049 | _aMAIN | ||
| 090 | _aQA929 | ||
| 100 | 1 | _aSchiesser, W. E. | |
| 245 | 1 | 0 |
_aComputational transport phenomena : _bnumerical methods for the solution of transport problems / _cW.E. Schiesser, C.A. Silebi. |
| 260 |
_aCambridge : _bCambridge University Press, _c1997. |
||
| 300 |
_ax, 457 p. : _bill. ; _c27 cm. |
||
| 504 | _aIncludes bibliographical references. | ||
| 500 | _aIncludes index. | ||
| 650 | 0 | _aFluid dynamics. | |
| 650 | 0 | _aViscosity. | |
| 650 | 0 |
_aChemical engineering _xProblems, exercises, etc. |
|
| 700 | 1 | _aSilebi, C. A. | |
| 907 |
_a.b10000069 _b12-09-05 _c17-04-03 |
||
| 003 | |||
| 005 | 20230123133736.0 | ||
| 040 | _cNUST | ||
| 942 |
_cBOOKS _kQA929 |
||
| 999 |
_c153866 _d153866 |
||